000 00444nam a22001937a 4500
003 OSt
005 20250417103347.0
008 250417b |||||||| |||| 00| 0 eng d
040 _cMRSPTU
041 _aENG
082 _a711.1
_bDE-R
100 _aDeshpande, Jayashree
245 _aRe-Imagining Urban Voids
260 _aPune
_bCOA-TRC
_c2023
300 _a99
650 _aArchitecture
700 _aKeskar, Poorya
942 _2ddc
_cBK
_n0
999 _c10555
_d10555